| 000 | 01466nam a2200349 i 4500 | ||
|---|---|---|---|
| 001 | ELB73138 | ||
| 003 | FlNmELB | ||
| 005 | 20250326043252.0 | ||
| 006 | m o d | | ||
| 007 | cr cnu|||||||| | ||
| 008 | 190503s1990 mx o 000 1 spa u | ||
| 020 | _z9789688562291 | ||
| 020 | _a9781449266943 (e-book) | ||
| 035 | _a(OCoLC)1230153534 | ||
| 040 |
_aFINmELB _bspa _erda _cFINmELB |
||
| 050 | 4 |
_aPQ7276 _b.M378 1990 |
|
| 082 | 0 |
_a863.0108972 _223 |
|
| 100 | 1 |
_aMartín del Campo, David, _d1952- _eautor. |
|
| 245 | 1 | 0 |
_aQuemar los pozos / _cDavid Martín del Campo. |
| 264 | 1 |
_aSanta María La Ribera, México : _bPlaza y Valdés Editores, _c1990. |
|
| 300 | _a1 recurso en línea (171 páginas) | ||
| 336 |
_atexto _btxt _2rdacontent/spa |
||
| 337 |
_acomputadora _bc _2rdamedia/spa |
||
| 338 |
_arecurso en línea _bcr _2rdacarrier/spa |
||
| 588 | _aDescripción basada en el editor de metadatos y otras fuentes. | ||
| 590 | _aRecurso electrónico. Santa Fe, Arg.: elibro, 2018. Disponible vía World Wide Web. El acceso puede estar limitado para las bibliotecas afiliadas a elibro. | ||
| 650 | 0 | _aMexican fiction. | |
| 655 | 4 | _aLibros electrónicos. | |
| 776 | 0 | 8 |
_iPrint version: _aMartín del Campo, David, 1952- _tQuemar los pozos. _dSanta María La Ribera, México : Plaza y Valdés Editores, 1990 _h171 páginas _z9789688562291 _w(DLC) 91888042 |
| 797 | 2 | _aelibro, Corp | |
| 856 | 4 | 0 |
_uhttps://elibro.net/ereader/usam/73138 _zClick to View |
| 999 |
_c143609 _d143609 |
||